[Event "Budapest Spring Festival 2018"]
[Site "Budapest"]
[Date "2018.04.26"]
[Round "9"]
[White "Golubka, Petro"]
[Black "Chylewski, Patryk"]
[Result "0-1"]
[WhiteElo "2509"]
[BlackElo "2322"]
[Annotator "TA"]
[PlyCount "98"]
[EventDate "2018.??.??"]
[EventType "swiss"]
[EventCountry "HUN"]
[SourceTitle "playchess.com"]
[Source "ChessBase"]
[SourceQuality "1"]

{[%evp 29,98,22,18,0,6,0,0,0,32,32,98,67,136,114,124,93,91,85,99,94,142,56,61,55,70,25,15,-103,-100,-170,-164,-153,-50,-89,-62,-100,-93,-122,-121,-106,-68,-75,-52,-121,-104,-164,-155,-162,-164,-216,-204,-208,-214,-200,-170,-245,-162,-170,-170,-162,-129,-172,-168,-398,-337,-341,-330,-524,-534,-29981,-29981]} 1. e4 e5 2. Nf3 Nc6 3. Bb5 a6 4. Ba4 Nf6 5. O-O Be7 6. Re1 b5 7. Bb3 O-O 8. d3 d6 9. a4 b4 10. Nbd2 Na5 11. Ba2 c5 12. c3 Rb8 13. d4 {C88: Closed Ruy Lopez: Anti-Marshall Systems} bxc3 14. bxc3 cxd4 15. cxd4 Nc6 {LiveBook: 4 Games} 16. Nc4 exd4 17. Nxd4 Nxd4 18. Qxd4 Be6 19. Ba3 Ne8 $146 ({Black should play} 19... Re8 $14) ({Predecessor:} 19... Re8 20. Rad1 Bf8 {1-0 (41) Kononenko,D (2608)-Mozharov,M (2500) Pardubice 2012}) 20. Rad1 Qd7 (20... Qc7 $14) 21. Nb6 Qc7 22. Nd5 Bxd5 23. Qxd5 Nf6 24. Qd3 Rfd8 {[#]} 25. Bc4 ({Better is} 25. Qc4 $1 $16 {[%cal Rc4c7]} Qxc4 26. Bxc4) 25... Qa5 $14 26. Ra1 Nd7 27. Bxa6 (27. Bxd6 Nc5 $17) 27... Bf6 28. Bb5 (28. Rab1 $11) 28... Nc5 $36 {[%mdl 2048] Black has strong initiative.} 29. Qc2 (29. Qc4 $17 {was worth a try.} Bxa1 30. Rxa1) 29... Bxa1 $19 30. Rxa1 Ne6 (30... Rdc8 $17 {Strongly threatening ...Nxa4.} 31. Qd1 Nxe4) 31. Bb2 Rbc8 32. Qd1 Qb4 33. Rb1 {Threatens to win with Bxg7!} Qxe4 34. Bd3 Qh4 35. g3 Qg5 36. h4 (36. Bc1 $15 Qe5 37. Be3) 36... Qa5 $17 37. Qg4 (37. Bc1 $17) 37... Rb8 $19 38. Qe4 Qh5 39. Bb5 {[#]} (39. Qe1 {keeps fighting.}) 39... d5 $1 {[%cal Rd5e4,Bd6d5,Bd5d4,Bd4c3,Bc3c2][%mdl 32]} 40. Qe5 Qxe5 41. Bxe5 Ra8 42. Bc6 (42. Bb2 {might work better.}) 42... Ra6 43. Bb5 Ra7 44. Bc3 d4 45. Bd2 Nc5 46. a5 $2 (46. Bg5 {is a better defense.} f6 47. Bf4) 46... Ne4 47. Be1 Nc3 48. Bxc3 (48. Rb3 $142) 48... dxc3 49. a6 c2 {Precision: White = 31%, Black = 63%.} 0-1

[Event "Budapest Spring Festival 2018"]
[Site "Budapest"]
[Date "2018.04.26"]
[Round "9"]
[White "Korpa, Bence"]
[Black "Gledura, Benjamin"]
[Result "1/2-1/2"]
[WhiteElo "2499"]
[BlackElo "2616"]
[Annotator "TA"]
[PlyCount "40"]
[EventDate "2018.??.??"]
[EventType "swiss"]
[EventCountry "HUN"]
[SourceTitle "playchess.com"]
[Source "ChessBase"]
[SourceQuality "1"]

{[%evp 22,40,2,0,-6,-7,0,0,0,0,0,0,0,0,0,0,0,-30,-30,-33,-30]} 1. e4 e5 2. Nf3 Nc6 3. Nc3 Nf6 4. d4 exd4 5. Nxd4 Bb4 6. Nxc6 bxc6 7. Bd3 O-O 8. O-O d5 9. exd5 cxd5 10. h3 {C47: Scotch Four Knights and Four Knights with 4 g3} (10. Bg5 c6 11. Na4 h6 12. Bh4 Re8 13. c4 dxc4 14. Bxc4 Qxd1 15. Rfxd1 g5 16. Bg3 Ne4 17. a3 Bf8 18. Rac1 Nxg3 19. hxg3 Rb8 20. b4 Bf5 21. Bd3 Bxd3 22. Rxd3 {½-½ (36) Artemiev,V (2691)-Carlsen,M (2837) Riadh 2017}) 10... c5 {[%cal Bc7c5,Bc5c4][%mdl 32]} 11. Qf3 Be6 {[%cal Bc8e6,Be6f5,Bf5g6][%mdl 32]} 12. Bg5 {[%cal Bc1g5,Bg5h4,Bh4f6,Bf6d4][%mdl 32] LiveBook: 3 Games. The position is equal.} h6 13. Bh4 c4 14. Bf5 Bxc3 15. bxc3 Qd7 16. Bxf6 $146 ({Predecessor:} 16. Bxe6 fxe6 17. Rfe1 Ne4 18. Qe3 Rae8 19. f3 {1-0 (33) Berg,K (2390)-Theulings,P Leeuwarden 1993}) 16... Bxf5 17. Qg3 {[%csl Gf6][%cal Rg3g7] [#]} Bg6 $1 18. Bd4 Kh7 19. Rfe1 f6 20. Re2 Rfe8 1/2-1/2

[Event "Budapest Spring Festival 2018"]
[Site "Budapest"]
[Date "2018.04.26"]
[Round "9"]
[White "Christiansen, Johan-Sebastian"]
[Black "Kulkarni, Rakesh"]
[Result "1-0"]
[WhiteElo "2498"]
[BlackElo "2390"]
[Annotator "TA"]
[PlyCount "59"]
[EventDate "2018.??.??"]
[EventType "swiss"]
[EventCountry "HUN"]
[SourceTitle "playchess.com"]
[Source "ChessBase"]
[SourceQuality "1"]

{[%evp 9,59,0,14,0,10,11,35,31,33,11,13,12,23,16,27,12,20,18,26,27,25,25,48,0,27,31,34,25,28,28,63,53,87,87,206,191,199,133,134,122,116,106,616,626,993,978,29976,29977,29976,29978,29977,29978]} 1. Nf3 d5 2. c4 d4 3. b4 Bg4 4. g3 Bxf3 5. exf3 e5 {LiveBook: 4 Games} 6. b5 {A09: Réti Opening: 1 Nf3 d5 2 c4} Nf6 7. Bg2 {next f4 is good for White.} c6 $146 ({Predecessor:} 7... Nbd7 8. O-O Bd6 9. f4 exf4 10. Re1+ Kf8 11. Bb2 fxg3 12. hxg3 {0-1 (39) Christiansen,J (2462)-Navara,D (2726) Antalya 2017}) 8. O-O {White is slightly better.} Bd6 9. d3 O-O 10. Nd2 Qc7 11. Bb2 Nbd7 12. bxc6 bxc6 13. f4 exf4 14. Bxd4 fxg3 15. hxg3 Rad8 16. Nf3 c5 17. Bc3 Ne5 18. Re1 {[%cal Rf3e5]} Neg4 19. Qd2 {Hoping for Ba5.} Qd7 20. Rab1 Nh5 21. Qg5 g6 (21... Nhf6 $16 {was worth a try.}) 22. Bh3 $1 $18 {[%cal Rh3g4]} f5 {[#] intending ...Nxf2.} 23. Bxg4 ({White should try} 23. Bg2 $1 $18) 23... fxg4 $16 {[#]} 24. Qd5+ $1 Qf7 25. Nh2 $40 {[%mdl 128] White wants a kill.} Nxg3 $2 {[%mdl 8192]} (25... Qxd5 $16 26. cxd5 Rxf2) 26. Nxg4 $18 {[%cal Rg4h6]} Nf5 {[#]} 27. Qxf5 $1 {[%cal Rg4h6][%mdl 512]} Bh2+ (27... Qxf5 28. Nh6#) 28. Kxh2 {[%cal Rg4h6] White mates.} Qc7+ 29. Qe5 Qxe5+ 30. Bxe5 {Precision: White = 74%, Black = 34%.} 1-0

[Event "Budapest Spring Festival 2018"]
[Site "Budapest"]
[Date "2018.04.26"]
[Round "9"]
[White "Zanan, Evgeny"]
[Black "Praveen Kumar C"]
[Result "1-0"]
[WhiteElo "2493"]
[BlackElo "2241"]
[Annotator "TA"]
[PlyCount "75"]
[EventDate "2018.??.??"]
[EventType "swiss"]
[EventCountry "HUN"]
[SourceTitle "playchess.com"]
[Source "ChessBase"]
[SourceQuality "1"]

{[%evp 20,75,52,38,73,62,105,95,107,102,112,110,112,112,125,105,205,205,205,205,202,190,210,209,256,208,208,192,215,217,204,219,218,208,212,188,186,193,228,219,345,331,380,285,418,409,485,468,456,327,662,653,744,708,1148,1110,29994,29995]} 1. d4 e6 2. c4 c5 3. d5 exd5 4. cxd5 d6 5. Nc3 Nf6 6. Nf3 g6 7. Nd2 Bg7 8. e4 O-O 9. Be2 b6 10. O-O Ba6 {A72: Modern Benoni: Classical: Lines with Bg5} 11. a4 {LiveBook: 3 Games} (11. Re1 Bxe2 12. Rxe2 a6 13. a4 Ng4 14. Qc2 Qh4 15. Nf3 Qh5 16. Bf4 Ne5 17. Bxe5 Bxe5 18. Nxe5 Qxe5 {1-0 (32) Bogner,S (2527)-Srbis,J (2422) Prague 2016}) 11... Bxe2 12. Qxe2 Re8 {White is slightly better.} 13. Nc4 a6 $146 ({Predecessor:} 13... Nxe4 14. Nxe4 f5 15. Ncxd6 Re5 16. Bf4 Qxd6 17. Bxe5 Qxe5 18. Nc3 Qxe2 19. Nxe2 Bxb2 {½-½ (31) Serdt,S (2289)-Coklin,M (2205) Celje 2008}) 14. Bf4 Bf8 15. h3 Ra7 16. Qf3 Nh5 17. Bh2 f6 (17... Rb7 $16 {might work better.}) 18. g4 $18 Ng7 19. Qg3 Rd7 20. Rae1 Qc7 21. f4 Qb7 22. e5 f5 23. e6 Rdd8 24. Qd3 Be7 25. Bg3 {[%cal Bh2g3,Bg3e1,Be1c3][%mdl 32]} Rf8 26. Rb1 a5 27. Nb5 Na6 28. Rbd1 Nb4 29. Qf3 h6 (29... Na6 $142 30. Be1 Nb4) 30. Be1 Kh7 31. Bc3 Rg8 (31... Na6 $142 32. Kh2 Nc7 33. Nxc7 Qxc7) 32. Kh2 Qb8 33. Ne3 Rdf8 34. Rg1 Bf6 $2 {[#]} (34... Qe8 35. Rdf1 Qd8) 35. gxf5 Nxf5 36. Nxf5 gxf5 37. Rxg8 Kxg8 38. Rg1+ {Precision: White = 78%, Black = 40%.} 1-0

[Event "Budapest Spring Festival 2018"]
[Site "Budapest"]
[Date "2018.04.26"]
[Round "9"]
[White "Milanovic, Danilo"]
[Black "Dedebas, Emre Emin"]
[Result "1/2-1/2"]
[WhiteElo "2488"]
[BlackElo "2320"]
[Annotator "TA"]
[PlyCount "96"]
[EventDate "2018.??.??"]
[EventType "swiss"]
[EventCountry "HUN"]
[SourceTitle "playchess.com"]
[Source "ChessBase"]
[SourceQuality "1"]

{[%evp 13,96,-6,-8,-33,-26,-37,-32,-44,-33,-24,0,0,-4,-54,-8,-8,-8,-15,0,0,63,55,68,65,78,88,83,94,133,125,143,148,157,140,165,148,166,179,182,169,271,258,250,260,379,379,346,365,385,229,518,518,512,504,510,511,29991,510,511,503,464,481,460,469,427,361,307,300,273,103,101,78,110,0,0,0,0,0,0,0,0,0,0,0,0]} 1. d4 d5 2. Bf4 Nf6 3. e3 e6 4. Nd2 Bd6 5. Bg3 (5. Ngf3 O-O 6. Bd3 c5 7. c3 Nc6 8. Bg3 b6 9. e4 Be7 10. e5 Nh5 11. Nf1 cxd4 12. Nxd4 Nxd4 13. cxd4 g6 14. Ne3 f5 15. exf6 Bxf6 16. Be2 Nxg3 17. hxg3 {½-½ (37) Nakamura,H (2787)-Svidler,P (2760) Moscow 2018}) 5... c5 6. c3 {D00: 1 d4 d5: Unusual lines} O-O 7. Bd3 Qc7 {LiveBook: 9 Games} 8. b4 $146 ({Predecessor:} 8. Bxd6 Qxd6 9. f4 b6 10. Ngf3 Ba6 11. Bxa6 Nxa6 12. Ne5 Nc7 {½-½ (77) Ni,H (2671)-Meier,G (2650) Riadh 2017}) 8... b6 9. Ngf3 Nbd7 10. O-O Bxg3 11. hxg3 Bb7 12. bxc5 bxc5 13. Qa4 Ne4 (13... c4 {keeps more tension.} 14. Bc2 Bc6 15. Qa3 Rfb8 16. Rfe1 Rb5) 14. Rfc1 Nxd2 15. Nxd2 Rfc8 16. Qa3 Rab8 ({Black should try} 16... c4 $11 17. Bc2 Bc6) 17. c4 $14 dxc4 18. Rxc4 Bc6 19. Rac1 Qb7 20. R4c2 {Ba6 is the strong threat.} Qa8 21. Ba6 Rd8 22. Bf1 Rbc8 23. dxc5 Nf6 24. Nb3 Be4 25. Rc4 Rc7 26. Nd4 Rb8 (26... Bc6 {might work better.} 27. Rb4 e5) 27. Qa5 $18 Ne8 28. Nb5 Rcc8 (28... Re7 $142 29. c6 a6) 29. Nd6 Nxd6 30. cxd6 {And now Rxc8+ would win.} Rd8 {[#]} 31. Qe5 (31. d7 $142 $1 {[%mdl 512]}) 31... Bd5 $2 (31... Bg6 {was necessary.} 32. Rd1 Rb7) 32. Rg4 {[%csl Gg4][%cal Re5g7]} g6 33. Rc7 Rb1 {Hoping for ...Bxg2.} 34. e4 Bb7 {[#]} (34... Re1 $18 35. Qf6 Rf8 36. exd5 Qxd5) 35. Qf4 (35. Rxf7 $142 $3 {[%mdl 512]} Rxf1+ (35... Kxf7 36. Rf4+) 36. Kxf1 Ba6+ 37. Kg1 Kxf7 38. Rf4+ Kg8 39. Qxe6+ Kh8 40. Rf7 Rxd6 41. Qxd6 Kg8 42. Qf6 Qxe4 43. Qg7#) 35... Rf8 36. Qh6 {White wants to mate with Rh4.} Bxe4 37. Rh4 {[%csl Gh4][%cal Rh6h7]} g5 38. Qxg5+ Bg6 {If Black can now play ...Rd1 this consolidates a bit.} 39. d7 Rd1 40. Rhc4 Qd8 41. Qe3 $2 (41. Qb5 $18 {is the precise move to win.}) 41... Rxd7 $16 42. Qxa7 (42. Rxa7 {looks sharper.} Rxa7 43. Qxa7 Qa8 44. Ra4 Qd5 45. Qc7) 42... Rxc7 43. Qxc7 ({Only move:} 43. Rxc7 $16 Qd5 44. a3) 43... Qxc7 $11 {The position is equal.} 44. Rxc7 $16 {KRB-KRB} Ra8 45. Bc4 Bb1 46. Rc5 Bxa2 47. Rg5+ Kh8 48. Bxa2 Rxa2 {Precision: White = 68%, Black = 53%.} 1/2-1/2

[Event "Budapest Spring Festival 2018"]
[Site "Budapest"]
[Date "2018.04.26"]
[Round "9"]
[White "Nagy, Gabor"]
[Black "Horvath, Dominik"]
[Result "1/2-1/2"]
[WhiteElo "2481"]
[BlackElo "2383"]
[Annotator "TA"]
[PlyCount "35"]
[EventDate "2018.??.??"]
[EventType "swiss"]
[EventCountry "HUN"]
[SourceTitle "playchess.com"]
[Source "ChessBase"]
[SourceQuality "1"]

{[%evp 20,21,14,2]} 1. c4 e6 2. d4 Nf6 3. Nc3 Bb4 4. e3 O-O 5. Nge2 d5 6. a3 Bd6 7. c5 Be7 8. Nf4 b6 9. b4 a5 {E46: Nimzo-Indian: Rubinstein: 4 e3 0-0 5 Ne2 without early Bd3} 10. Bb2 c6 (10... axb4 11. axb4 Rxa1 12. Qxa1 Nc6 13. Nd3 bxc5 14. bxc5 Ne4 15. Be2 Bd7 16. f3 Nxc3 17. Bxc3 {½-½ (50) So,W (2779)-Topalov,V (2816) Saint Louis 2015}) 11. Bd3 {LiveBook: 7 Games} {Predecessor:} Nbd7 $146 12. O-O Qc7 13. Nfe2 Ba6 14. f4 Rfb8 15. Rb1 axb4 16. axb4 Bxd3 17. Qxd3 bxc5 18. bxc5 {½-½ (46) Socko,B (2631)-Sargissian,G (2666) Warsaw 2012} 1/2-1/2

[Event "Budapest Spring Festival 2018"]
[Site "Budapest"]
[Date "2018.04.26"]
[Round "9"]
[White "Krzyzanowski, Marcin"]
[Black "Apaydin, Fethi"]
[Result "1-0"]
[WhiteElo "2472"]
[BlackElo "2337"]
[Annotator "TA"]
[PlyCount "109"]
[EventDate "2018.??.??"]
[EventType "swiss"]
[EventCountry "HUN"]
[SourceTitle "playchess.com"]
[Source "ChessBase"]
[SourceQuality "1"]

{[%evp 14,109,52,51,52,43,47,38,63,60,63,36,35,35,45,56,50,42,36,48,87,83,76,68,80,81,92,72,87,81,95,81,83,69,96,91,71,76,102,71,118,120,121,99,156,139,95,55,111,70,68,17,68,42,37,32,64,63,83,66,111,88,85,63,140,138,110,107,139,134,77,89,61,53,61,54,69,66,47,51,245,244,447,444,559,543,29978,4610,29980,29981,29981,29982,29982,29983,29983,29984,29983,29985]} 1. d4 Nf6 2. c4 g6 3. Nc3 Bg7 4. e4 d6 5. Be2 O-O 6. Be3 c5 7. d5 a6 {E73: King's Indian: Averbakh Variation without 6...c5} (7... e6 8. Nf3 exd5 9. cxd5 Bg4 10. Nd2 Bxe2 11. Qxe2 Re8 12. f3 Nbd7 13. a4 Qb6 14. Nc4 Qa6 15. Nb5 Ne5 16. Nbxd6 Nxc4 17. Nxc4 Nxd5 18. exd5 {½-½ (61) Buhmann,R (2584)-Fedorov,A (2573) Katowice 2017}) 8. a4 {LiveBook: 3 Games} e6 9. Nf3 exd5 {White is slightly better.} 10. cxd5 Ng4 11. Bg5 Qc7 $146 ({Predecessor:} 11... f6 12. Bh4 b6 13. O-O Ra7 14. Nd2 Nh6 15. Nc4 {1-0 (28) Swayams,M (2448)-Ganaus,H (2271) Zalakaros 2017}) 12. h3 (12. O-O {with more complications.} Ne5 13. Nd2 f5 14. f4 Nf7 15. Bh4) 12... Ne5 13. Nxe5 Bxe5 14. O-O Bg7 15. Qd2 Re8 16. Bh6 Nd7 17. Bxg7 Kxg7 18. f4 f6 19. Kh1 b6 20. Rf3 Bb7 21. Rg3 Kh8 22. h4 Rg8 23. Rf1 Rae8 24. h5 gxh5 25. Rh3 h4 26. Rxh4 Nf8 27. Bh5 Re7 28. Bf3 Qd8 (28... Ng6 $142 29. Rh6 Reg7) 29. Nd1 Ng6 30. Rh5 Qe8 ({Better is} 30... Bc8 $14) 31. b3 b5 32. Nf2 (32. Nc3 $14) 32... Bc8 (32... bxa4 $11 33. bxa4 Qxa4) 33. Ra1 bxa4 34. bxa4 Rb7 35. Qc3 $36 {[%mdl 2048] White has the initiative.} Qf7 36. Nd3 Re8 37. Re1 Qg7 38. Qc4 Rb8 (38... a5 $14) 39. e5 $16 fxe5 40. fxe5 Nxe5 41. Nxe5 dxe5 42. Be4 h6 43. Qxc5 Bg4 44. Rh2 Rf8 45. Qd6 h5 46. Bf3 Rfd8 $2 ({Black should try} 46... Rbd8 $14 47. Qb6 (47. Qxe5 Qxe5 48. Rxe5 Kg7 $14) 47... Rb8) 47. Qxa6 $18 {[#] Bxg4 is the strong threat.} Ra8 $2 (47... Kg8 {was necessary.} 48. d6 Qg6 49. Bxg4 Qxg4) 48. Qc4 {Black must now prevent Bxg4.} Bxf3 49. gxf3 Qh7 50. Qc1 (50. Qc3 $142 Kg8 51. Qxe5 Rd7 52. Rg1+ Kf8 53. Rxh5 Rg7 54. Rxg7 Qxh5+ 55. Qxh5 Kxg7 56. d6) 50... Rg8 51. Rxe5 {White mates.} h4 52. Re4 h3 53. Qe1 Rg6 54. Rh4 Rh6 55. R2xh3 {Precision: White = 72%, Black = 39%.} 1-0

[Event "Budapest Spring Festival 2018"]
[Site "Budapest"]
[Date "2018.04.26"]
[Round "9"]
[White "Livaic, Leon"]
[Black "Zhigalko, Sergei"]
[Result "1/2-1/2"]
[WhiteElo "2468"]
[BlackElo "2608"]
[Annotator "TA"]
[PlyCount "69"]
[EventDate "2018.??.??"]
[EventType "swiss"]
[EventCountry "HUN"]
[SourceTitle "playchess.com"]
[Source "ChessBase"]
[SourceQuality "1"]

{[%evp 25,69,-51,-57,-66,-81,-64,-72,-86,-52,-58,-55,-72,-52,-60,5,5,6,-60,-5,-11,-5,0,0,-6,-5,-12,0,0,8,0,0,0,0,0,0,0,0,0,0,0,0,0,0,0,0,0]} 1. d4 d5 2. c4 e6 3. Nf3 c6 4. Qc2 dxc4 5. Qxc4 Nf6 6. g3 b5 7. Qc2 Bb7 8. Bg2 Nbd7 9. O-O c5 10. dxc5 Bxc5 11. Bg5 {D30: Queen's Gambit Declined: Systems without Nc3} Rc8 12. Qb3 a6 13. Nc3 (13. a4 b4 14. Nbd2 {1-0 (32) Lalith,B (2587)-Zhigalko,S (2671) Doha 2016}) 13... O-O {LiveBook: 4 Games} 14. Rac1 Qb6 15. Bxf6 Nxf6 16. Ne5 $146 ({Predecessor:} 16. e3 Ng4 17. Rce1 {0-1 (27) Lombard,A-Langeweg,K Novi Sad 1973}) 16... Bd4 17. Bxb7 Qxb7 18. Nf3 Ba7 19. a4 {[%cal Ra4b5]} Ng4 (19... b4 $15 20. a5 Rfd8) 20. axb5 $11 axb5 21. Rcd1 (21. h3 $11 Nxf2 22. Rxf2) 21... Rc5 (21... b4 $15 22. Na2 Rb8) 22. Rd4 {The position is equal.} h5 23. Rb4 Rb8 24. h3 Nf6 25. Rd1 Rf5 26. Nd4 Bxd4 27. Rbxd4 Qb6 28. e3 Qc6 29. Qb4 Qf3 30. Rf4 Rxf4 31. Qxf4 Qb7 32. Qb4 Qf3 33. Qf4 Qb7 34. Qb4 Qf3 35. Qf4 {Precision: White = 63%, Black = 59%.} 1/2-1/2

[Event "Budapest Spring Festival 2018"]
[Site "Budapest"]
[Date "2018.04.26"]
[Round "9"]
[White "Henderson De La Fuente, Lance"]
[Black "Reshef, Omer"]
[Result "1/2-1/2"]
[WhiteElo "2459"]
[BlackElo "2482"]
[Annotator "TA"]
[PlyCount "122"]
[EventDate "2018.??.??"]
[EventType "swiss"]
[EventCountry "HUN"]
[SourceTitle "playchess.com"]
[Source "ChessBase"]
[SourceQuality "1"]

{[%evp 25,122,15,8,10,25,27,31,29,21,41,47,34,43,61,59,29,95,31,86,82,102,79,80,86,120,91,132,75,190,164,187,181,211,225,235,228,369,77,77,77,77,77,77,77,77,77,82,77,77,77,77,77,77,62,62,62,77,77,77,77,77,77,77,77,77,77,77,77,77,59,74,74,74,59,74,74,74,74,74,74,74,74,74,15,15,15,15,15,15,0,0,0,0,0,0,0,0,0,0]} 1. d4 d5 2. c4 c6 3. Nf3 Nf6 4. Nc3 dxc4 5. a4 Bf5 6. Ne5 Nbd7 7. Nxc4 Qc7 8. g3 e5 9. dxe5 Nxe5 10. Bf4 Nfd7 11. Bg2 Be6 12. Nxe5 Nxe5 13. O-O {D17: Slav Defence: 5 a4 Bf5: Lines with 6 Nh4 and 6 Ne5} f6 {LiveBook: 24 Games} 14. Ne4 (14. a5 a6 15. Qa4 Bc5 16. Rac1 O-O 17. Ne4 Ba7 18. Nc5 Qf7 19. Qb4 Bxc5 20. Qxc5 {½-½ (97) Grischuk,A (2774)-Fedoseev,V (2659) Berlin 2015}) 14... Be7 15. Qc2 {[#] White has an edge.} O-O $146 ({Predecessor:} 15... g5 16. Be3 a5 17. Rfd1 O-O 18. Nc5 Bxc5 19. Bxc5 Rfd8 20. Rxd8+ Rxd8 {0-1 (38) Daels,M (2262)-Blomqvist,E (2515) Cappelle-la-Grande 2016}) 16. Nc5 Bxc5 17. Qxc5 a5 18. b4 axb4 19. Qxb4 Rfd8 20. Rfb1 b6 (20... Qf7 $11 {keeps the balance.}) 21. h3 (21. Bxe5 $16 fxe5 22. Qc3) 21... Rab8 (21... Ra5 $14) 22. Qc3 c5 23. Rc1 Bd5 24. a5 Qc6 25. Bf1 c4 26. axb6 (26. Bxe5 $142 fxe5 27. e4 (27. Qxe5 Re8 $16)) 26... Re8 (26... Qxb6 $16 {keeps fighting.} 27. Bxe5 fxe5) 27. Be3 $1 $18 Nd7 28. Ra6 Qe6 {[#]} 29. Bg2 $1 Bxg2 30. Kxg2 Nxb6 (30... Ne5 {might work better.} 31. Ra7 Qc6+ 32. f3 Nf7) 31. Rxb6 $2 (31. Kh2 $18 {is more deadly.}) 31... Rxb6 $16 32. Bxb6 Qxb6 33. Qxc4+ Qe6 34. Qxe6+ (34. e4 {is interesting.} Qxc4 35. Rxc4 Re5 36. h4 Ra5 37. Kf3) 34... Rxe6 {[%mdl 4096] Endgame KR-KR} 35. e3 Kf7 36. Rc7+ Kg6 37. g4 Re5 38. Kg3 h5 39. Kf4 Ra5 40. Rc8 hxg4 41. hxg4 Ra4+ 42. Kg3 Ra3 43. Rc5 Rb3 44. Rd5 Ra3 45. Kf4 Ra4+ 46. Rd4 Ra5 47. f3 Re5 48. Re4 Ra5 49. Re7 Ra4+ 50. Kg3 Ra1 51. f4 Rg1+ 52. Kf3 Rf1+ {[#]} 53. Kg2 $1 {[%cal Rg2f1]} Ra1 54. f5+ (54. Rb7 $16) 54... Kh6 $11 {The position is equal.} 55. Rd7 Rb1 56. Ra7 Rc1 57. e4 Rc2+ 58. Kf3 {g5+ is the strong threat.} Rc3+ 59. Kf4 {Threatens to win with g5+!} g5+ 60. fxg6 Kxg6 61. Ra6 Rc5 {Precision: White = 59%, Black = 56%.} 1/2-1/2

[Event "Budapest Spring Festival 2018"]
[Site "Budapest"]
[Date "2018.04.26"]
[Round "9"]
[White "Abdumalik, Zhansaya"]
[Black "Donchenko, Alexander"]
[Result "0-1"]
[WhiteElo "2443"]
[BlackElo "2574"]
[Annotator "TA"]
[PlyCount "94"]
[EventDate "2018.??.??"]
[EventType "swiss"]
[EventCountry "HUN"]
[SourceTitle "playchess.com"]
[Source "ChessBase"]
[SourceQuality "1"]

{[%evp 32,94,16,0,0,0,0,0,30,0,0,0,0,0,0,-35,-31,-30,-33,-62,-59,-62,-53,-54,-60,-61,-55,-98,-97,-100,-61,-64,-62,-91,-72,-83,-38,-45,-41,-59,-104,-95,-33,-127,-131,-131,-125,-1474,-1476,-1442,-1239,-6093,-6195,-6278,-6028,-29973,-29970,-29973,-29975,-29975,-29976,-29976,-29977,-29976,-29978]} 1. e4 c6 2. d4 d5 3. Nd2 dxe4 4. Nxe4 Bf5 5. Ng3 Bg6 6. h4 h6 7. Nf3 Nd7 8. h5 Bh7 9. Bd3 Bxd3 10. Qxd3 e6 11. Bd2 Ngf6 12. O-O-O Be7 13. Ne4 Nxe4 14. Qxe4 Nf6 {B19: Classical Caro-Kann: 4...Bf5 main line} 15. Qd3 (15. Qe2 Qd5 16. c4 Qe4 17. Qxe4 Nxe4 18. Be3 f5 19. Kc2 Rd8 20. Nd2 Nf6 21. Nf3 Ne4 22. Nd2 Nf6 23. Nf3 Ne4 {½-½ (23) Mista,A (2606)-Tomczak,J (2615) Poland 2017}) 15... O-O 16. Kb1 Qd5 17. Ne5 {LiveBook: 5 Games} c5 18. Be3 cxd4 19. Bxd4 Rfd8 ({But not} 19... Qxg2 $6 20. Rhg1 $16) 20. f3 b5 $146 21. g4 Bc5 $1 {[%cal Rd5d4]} 22. c3 {Threatens to win with Nxf7!} Bxd4 23. cxd4 Nd7 $36 {[%mdl 2048] Black is pushing.} 24. Rhe1 Rac8 25. f4 Nxe5 26. Rxe5 Qg2 27. Qe2 $1 {[%cal Re2g2]} Qxe2 28. Rxe2 $15 {[%mdl 4096] Endgame KRR-KRR} Rc4 29. Red2 Rd5 30. Rd3 f5 31. b3 Rc7 32. gxf5 Rxf5 33. Re3 Kf7 34. Re5 $1 Kf6 35. Rde1 Rxe5 36. Rxe5 {KR-KR} a6 ({Black should try} 36... Rd7 $17 {White must now prevent ...a6.} 37. Rxb5 Rxd4) 37. Kb2 (37. d5 $15) 37... Rd7 $17 38. Kc3 Rd5 $1 39. Kd3 $2 {[%mdl 8192]} (39. b4 $17) 39... Rxe5 $1 $19 40. fxe5+ {KP-KP} Kf5 41. a4 {[#]} g5 $1 42. hxg6 Kxg6 43. axb5 axb5 {Black mates.} 44. d5 exd5 {K3P-KPP} 45. Kd4 Kf7 46. Kxd5 h5 47. Kd6 {[#]} Ke8 $1 {Precision: White = 38%, Black = 84%.} 0-1